[Event "April 9 Early 2024"]
[Site "Chess.com"]
[Date "2024.04.09"]
[Round "8"]
[White "Teterev, Vitaly"]
[Black "Hulka, Valentyn"]
[Result "1-0"]
[Board "70"]
[WhiteFideId "13501429"]
[BlackFideId "34107061"]
[WhiteTitle "GM"]
[BlackTitle "FM"]
[WhiteElo "2603"]
[BlackElo "2791"]
[WhiteTeam "BLR"]
[BlackTeam "UKR"]
[WhiteClock "0:00:06"]
[BlackClock "0:00:04"]
[Variant "Standard"]

1. e4 {[%clk 0:03:00]}  c5 {[%clk 0:03:00]} 2. Nf3 {[%clk 0:03:00]}  Nc6 {[%clk 0:03:01]} 3. Bb5 {[%clk 0:03:00]}  g6 {[%clk 0:03:01]} 4. O-O {[%clk 0:03:01]}  Bg7 {[%clk 0:03:01]} 5. c3 {[%clk 0:03:01]}  e5 {[%clk 0:03:02]} 6. d4 {[%clk 0:02:56]}  cxd4 {[%clk 0:03:02]} 7. cxd4 {[%clk 0:02:57]}  exd4 {[%clk 0:03:03]} 8. Bf4 {[%clk 0:02:56]}  Nge7 {[%clk 0:03:03]} 9. Re1 {[%clk 0:02:52]}  a6 {[%clk 0:03:01]} 10. Ba4 {[%clk 0:02:52]}  O-O {[%clk 0:03:01]} 11. Bd6 {[%clk 0:02:41]}  b5 {[%clk 0:03:01]} 12. Bb3 {[%clk 0:02:40]}  Na5 {[%clk 0:02:58]} 13. Nbd2 {[%clk 0:02:38]}  Bb7 {[%clk 0:02:56]} 14. Rc1 {[%clk 0:02:36]}  Bc6 {[%clk 0:02:33]} 15. e5 {[%clk 0:02:32]}  Nb7 {[%clk 0:02:27]} 16. Ne4 {[%clk 0:02:22]}  Nxd6 {[%clk 0:02:24]} 17. Nxd6 {[%clk 0:02:17]}  Nc8 {[%clk 0:02:14]} 18. Nxd4 {[%clk 0:02:09]}  Nxd6 {[%clk 0:02:13]} 19. Nxc6 {[%clk 0:02:03]}  dxc6 {[%clk 0:02:14]} 20. exd6 {[%clk 0:02:02]}  Rc8 {[%clk 0:02:00]} 21. Re7 {[%clk 0:01:29]}  c5 {[%clk 0:01:57]} 22. Bxf7+ {[%clk 0:00:56]}  Kh8 {[%clk 0:01:12]} 23. Qd5 {[%clk 0:00:45]}  Bxb2 {[%clk 0:01:01]} 24. Rce1 {[%clk 0:00:42]}  Bf6 {[%clk 0:00:57]} 25. Qe6 {[%clk 0:00:31]}  Bg7 {[%clk 0:00:47]} 26. d7 {[%clk 0:00:26]}  Rb8 {[%clk 0:00:40]} 27. Re8 {[%clk 0:00:23]}  Qc7 {[%clk 0:00:40]} 28. Qe7 {[%clk 0:00:09]}  c4 {[%clk 0:00:34]} 29. Rd1 {[%clk 0:00:08]}  Rd8 {[%clk 0:00:29]} 30. h4 {[%clk 0:00:07]}  c3 {[%clk 0:00:29]} 31. Bb3 {[%clk 0:00:05]}  Qb6 {[%clk 0:00:26]} 32. h5 {[%clk 0:00:04]}  Qxf2+ {[%clk 0:00:20]} 33. Kh1 {[%clk 0:00:05]}  Qf6 {[%clk 0:00:14]} 34. Qxf6 {[%clk 0:00:04]}  Bxf6 {[%clk 0:00:13]} 35. Rf1 {[%clk 0:00:04]}  Kg7 {[%clk 0:00:12]} 36. h6+ {[%clk 0:00:04]}  Kxh6 {[%clk 0:00:10]} 37. Rxf8 {[%clk 0:00:01]}  Rxf8 {[%clk 0:00:08]} 38. Rxf6 {[%clk 0:00:02]}  Rd8 {[%clk 0:00:09]} 39. Rd6 {[%clk 0:00:03]}  Kg7 {[%clk 0:00:08]} 40. Rd3 {[%clk 0:00:02]}  b4 {[%clk 0:00:05]} 41. Ba4 {[%clk 0:00:03]}  Kf6 {[%clk 0:00:04]} 42. Re3 {[%clk 0:00:03]}  a5 {[%clk 0:00:04]} 43. Re8 {[%clk 0:00:03]}  c2 {[%clk 0:00:05]} 44. Bxc2 {[%clk 0:00:02]}  Rxd7 {[%clk 0:00:05]} 45. Bb3 {[%clk 0:00:02]}  Rd2 {[%clk 0:00:06]} 46. Kh2 {[%clk 0:00:03]}  a4 {[%clk 0:00:06]} 47. Bxa4 {[%clk 0:00:02]}  Rxa2 {[%clk 0:00:07]} 48. Bc6 {[%clk 0:00:03]}  b3 {[%clk 0:00:06]} 49. Rb8 {[%clk 0:00:04]}  b2 {[%clk 0:00:03]} 50. Bd5 {[%clk 0:00:04]}  Ra5 {[%clk 0:00:04]} 51. Bf3 {[%clk 0:00:04]}  h5 {[%clk 0:00:02]} 52. Rxb2 {[%clk 0:00:04]}  Re5 {[%clk 0:00:03]} 53. Rb4 {[%clk 0:00:04]}  Kg5 {[%clk 0:00:03]} 54. Kg3 {[%clk 0:00:04]}  Re6 {[%clk 0:00:03]} 55. Rb5+ {[%clk 0:00:04]}  Kh6 {[%clk 0:00:03]} 56. Kh4 {[%clk 0:00:04]}  Rf6 {[%clk 0:00:03]} 57. Kg3 {[%clk 0:00:04]}  Re6 {[%clk 0:00:04]} 58. Rd5 {[%clk 0:00:05]}  Rb6 {[%clk 0:00:04]} 59. Kf4 {[%clk 0:00:05]}  Rb4+ {[%clk 0:00:04]} 60. Be4 {[%clk 0:00:04]}  Rb6 {[%clk 0:00:03]} 61. Ke5 {[%clk 0:00:04]}  Ra6 {[%clk 0:00:03]} 62. Rd7 {[%clk 0:00:05]}  Rb6 {[%clk 0:00:02]} 63. Rf7 {[%clk 0:00:05]}  Ra6 {[%clk 0:00:02]} 64. Rf6 {[%clk 0:00:05]}  Rxf6 {[%clk 0:00:02]} 65. Kxf6 {[%clk 0:00:05]}  g5 {[%clk 0:00:03]} 66. Bf5 {[%clk 0:00:05]}  g4 {[%clk 0:00:03]} 67. Be6 {[%clk 0:00:03]}  g3 {[%clk 0:00:01]} 68. Bh3 {[%clk 0:00:03]}  h4 {[%clk 0:00:02]} 69. Bg4 {[%clk 0:00:04]}  h3 {[%clk 0:00:01]} 70. Bxh3 {[%clk 0:00:04]}  Kh5 {[%clk 0:00:02]} 71. Kf5 {[%clk 0:00:04]}  Kh4 {[%clk 0:00:03]} 72. Kf4 {[%clk 0:00:05]}  Kh5 {[%clk 0:00:03]} 73. Kxg3 {[%clk 0:00:05]}  Kg5 {[%clk 0:00:04]} 74. Kf3 {[%clk 0:00:06]} 1-0

[Event "April 9 Early 2024"]
[Site "Chess.com"]
[Date "2024.04.09"]
[Round "8"]
[White "Leiva, Gianmarco"]
[Black "Hajiyev, Kanan"]
[Result "1-0"]
[Board "73"]
[WhiteFideId "3804399"]
[BlackFideId "13404148"]
[WhiteTitle "IM"]
[BlackTitle "FM"]
[WhiteElo "2778"]
[BlackElo "2585"]
[WhiteTeam "PER"]
[BlackTeam "AZE"]
[WhiteClock "0:00:09"]
[BlackClock "0:00:00"]
[Variant "Standard"]

1. e4 {[%clk 0:03:00]}  c6 {[%clk 0:03:00]} 2. d4 {[%clk 0:03:00]}  d5 {[%clk 0:03:01]} 3. Nc3 {[%clk 0:03:00]}  a6 {[%clk 0:03:01]} 4. Be3 {[%clk 0:02:27]}  Qa5 {[%clk 0:02:57]} 5. Bd3 {[%clk 0:02:24]}  dxe4 {[%clk 0:02:57]} 6. Bxe4 {[%clk 0:02:24]}  Nf6 {[%clk 0:02:57]} 7. Bd3 {[%clk 0:02:24]}  Bg4 {[%clk 0:02:57]} 8. Qd2 {[%clk 0:02:23]}  e6 {[%clk 0:02:55]} 9. h3 {[%clk 0:02:12]}  Bh5 {[%clk 0:02:55]} 10. g4 {[%clk 0:02:11]}  Bg6 {[%clk 0:02:54]} 11. Nf3 {[%clk 0:02:09]}  Nbd7 {[%clk 0:02:49]} 12. a3 {[%clk 0:01:59]}  Bd6 {[%clk 0:02:39]} 13. O-O-O {[%clk 0:01:57]}  b5 {[%clk 0:02:33]} 14. Kb1 {[%clk 0:01:56]}  Bxd3 {[%clk 0:02:25]} 15. Qxd3 {[%clk 0:01:48]}  b4 {[%clk 0:02:26]} 16. axb4 {[%clk 0:01:48]}  Qxb4 {[%clk 0:02:13]} 17. Na2 {[%clk 0:01:37]}  Qb5 {[%clk 0:02:12]} 18. c4 {[%clk 0:01:35]}  Qb7 {[%clk 0:02:10]} 19. g5 {[%clk 0:01:33]}  Nh5 {[%clk 0:02:08]} 20. c5 {[%clk 0:01:29]}  Bc7 {[%clk 0:02:05]} 21. Nd2 {[%clk 0:01:20]}  O-O {[%clk 0:02:02]} 22. Nc4 {[%clk 0:01:18]}  Rfb8 {[%clk 0:01:59]} 23. Qe4 {[%clk 0:01:08]}  Qb3 {[%clk 0:01:46]} 24. Rc1 {[%clk 0:01:07]}  Qb5 {[%clk 0:01:36]} 25. Rc2 {[%clk 0:01:00]}  a5 {[%clk 0:01:36]} 26. Ka1 {[%clk 0:00:41]}  a4 {[%clk 0:01:34]} 27. Rhc1 {[%clk 0:00:16]}  Ra6 {[%clk 0:01:29]} 28. Qf3 {[%clk 0:00:05]}  g6 {[%clk 0:01:29]} 29. h4 {[%clk 0:00:05]}  e5 {[%clk 0:01:23]} 30. Qg4 {[%clk 0:00:03]}  Nf8 {[%clk 0:01:06]} 31. Nxe5 {[%clk 0:00:03]}  Bxe5 {[%clk 0:01:04]} 32. dxe5 {[%clk 0:00:03]}  Ne6 {[%clk 0:01:04]} 33. Qe4 {[%clk 0:00:03]}  a3 {[%clk 0:01:03]} 34. b4 {[%clk 0:00:04]}  Ra4 {[%clk 0:01:03]} 35. f4 {[%clk 0:00:03]}  Ng3 {[%clk 0:01:02]} 36. Qc4 {[%clk 0:00:03]}  Nf5 {[%clk 0:01:03]} 37. Bf2 {[%clk 0:00:03]}  Qb7 {[%clk 0:00:59]} 38. Rb1 {[%clk 0:00:03]}  Rd8 {[%clk 0:00:53]} 39. Nc3 {[%clk 0:00:03]}  Raa8 {[%clk 0:00:41]} 40. Ne4 {[%clk 0:00:04]}  a2 {[%clk 0:00:35]} 41. Rbc1 {[%clk 0:00:04]}  Ra4 {[%clk 0:00:32]} 42. Rb2 {[%clk 0:00:04]}  Rb8 {[%clk 0:00:31]} 43. Nd6 {[%clk 0:00:03]}  Qd7 {[%clk 0:00:19]} 44. h5 {[%clk 0:00:03]}  Ne7 {[%clk 0:00:14]} 45. h6 {[%clk 0:00:03]}  Nd5 {[%clk 0:00:14]} 46. Bg3 {[%clk 0:00:02]}  Raxb4 {[%clk 0:00:13]} 47. Rxb4 {[%clk 0:00:02]}  Rxb4 {[%clk 0:00:14]} 48. Qxa2 {[%clk 0:00:03]}  Rb8 {[%clk 0:00:14]} 49. Rb1 {[%clk 0:00:03]}  Rd8 {[%clk 0:00:12]} 50. Rb7 {[%clk 0:00:04]}  Nec7 {[%clk 0:00:11]} 51. Qb2 {[%clk 0:00:04]}  Qg4 {[%clk 0:00:10]} 52. Rb8 {[%clk 0:00:04]}  Qd7 {[%clk 0:00:05]} 53. Rxd8+ {[%clk 0:00:03]}  Qxd8 {[%clk 0:00:06]} 54. Qb7 {[%clk 0:00:04]}  Qf8 {[%clk 0:00:04]} 55. Qxc6 {[%clk 0:00:04]}  Qb8 {[%clk 0:00:03]} 56. Qb7 {[%clk 0:00:04]}  Qd8 {[%clk 0:00:03]} 57. Qc8 {[%clk 0:00:04]}  Qxc8 {[%clk 0:00:03]} 58. Nxc8 {[%clk 0:00:05]}  Kf8 {[%clk 0:00:04]} 59. Nd6 {[%clk 0:00:05]}  Ke7 {[%clk 0:00:04]} 60. Kb2 {[%clk 0:00:06]}  Ke6 {[%clk 0:00:04]} 61. Kc2 {[%clk 0:00:06]}  Ne3+ {[%clk 0:00:05]} 62. Kd3 {[%clk 0:00:07]}  Nf5 {[%clk 0:00:05]} 63. Bf2 {[%clk 0:00:07]}  Ne7 {[%clk 0:00:05]} 64. Ke4 {[%clk 0:00:07]}  Ned5 {[%clk 0:00:05]} 65. Be1 {[%clk 0:00:07]}  Ne7 {[%clk 0:00:05]} 66. Bd2 {[%clk 0:00:07]}  Ned5 {[%clk 0:00:06]} 67. Nc4 {[%clk 0:00:08]}  Nb5 {[%clk 0:00:06]} 68. Nd6 {[%clk 0:00:06]}  Nbc7 {[%clk 0:00:06]} 69. Nb7 {[%clk 0:00:06]}  Ne7 {[%clk 0:00:06]} 70. Nd8+ {[%clk 0:00:07]}  Kd7 {[%clk 0:00:05]} 71. Nxf7 {[%clk 0:00:08]}  Kc6 {[%clk 0:00:05]} 72. Be3 {[%clk 0:00:08]}  Ncd5 {[%clk 0:00:05]} 73. Nd6 {[%clk 0:00:07]}  Nxe3 {[%clk 0:00:04]} 74. Kxe3 {[%clk 0:00:08]}  Kxc5 {[%clk 0:00:05]} 75. Ne8 {[%clk 0:00:08]}  Kd5 {[%clk 0:00:05]} 76. Nf6+ {[%clk 0:00:09]}  Ke6 {[%clk 0:00:06]} 77. Ke4 {[%clk 0:00:09]}  Nf5 {[%clk 0:00:05]} 78. Nxh7 {[%clk 0:00:10]}  Ng3+ {[%clk 0:00:05]} 79. Kf3 {[%clk 0:00:10]}  Nf5 {[%clk 0:00:05]} 80. Nf6 {[%clk 0:00:10]}  Kf7 {[%clk 0:00:05]} 81. Ne4 {[%clk 0:00:10]}  Ne7 {[%clk 0:00:04]} 82. Nd6+ {[%clk 0:00:10]}  Kg8 {[%clk 0:00:05]} 83. Kg4 {[%clk 0:00:09]}  Nf5 {[%clk 0:00:00]} 84. Nxf5 {[%clk 0:00:09]} 1-0

[Event "April 9 Early 2024"]
[Site "Chess.com"]
[Date "2024.04.09"]
[Round "8"]
[White "Gontcharov, Vladislav"]
[Black "Matinian, Nikita"]
[Result "1/2-1/2"]
[Board "74"]
[WhiteFideId "4123492"]
[BlackFideId "24129100"]
[BlackTitle "GM"]
[WhiteElo "2585"]
[BlackElo "2775"]
[WhiteTeam "RUS"]
[BlackTeam "FID"]
[WhiteClock "0:00:05"]
[BlackClock "0:00:05"]
[Variant "Standard"]

1. d4 {[%clk 0:03:00]}  Nf6 {[%clk 0:02:59]} 2. c4 {[%clk 0:03:00]}  e6 {[%clk 0:02:59]} 3. Nf3 {[%clk 0:02:59]}  Bb4+ {[%clk 0:03:00]} 4. Nbd2 {[%clk 0:02:59]}  b6 {[%clk 0:03:00]} 5. g3 {[%clk 0:02:59]}  Bb7 {[%clk 0:03:00]} 6. Bg2 {[%clk 0:02:59]}  O-O {[%clk 0:03:00]} 7. O-O {[%clk 0:02:59]}  c5 {[%clk 0:02:59]} 8. a3 {[%clk 0:02:47]}  Bxd2 {[%clk 0:02:58]} 9. Qxd2 {[%clk 0:02:47]}  cxd4 {[%clk 0:02:57]} 10. Qxd4 {[%clk 0:02:47]}  Nc6 {[%clk 0:02:57]} 11. Qd3 {[%clk 0:02:46]}  Rc8 {[%clk 0:02:56]} 12. b3 {[%clk 0:02:44]}  d5 {[%clk 0:02:52]} 13. cxd5 {[%clk 0:02:41]}  Qxd5 {[%clk 0:02:53]} 14. Qxd5 {[%clk 0:02:40]}  Nxd5 {[%clk 0:02:54]} 15. Bd2 {[%clk 0:02:35]}  Rfd8 {[%clk 0:02:51]} 16. Rfd1 {[%clk 0:02:34]}  e5 {[%clk 0:02:51]} 17. e3 {[%clk 0:02:29]}  f6 {[%clk 0:02:45]} 18. Rac1 {[%clk 0:02:25]}  Kf7 {[%clk 0:02:44]} 19. b4 {[%clk 0:02:18]}  Nce7 {[%clk 0:02:31]} 20. Rxc8 {[%clk 0:02:14]}  Rxc8 {[%clk 0:02:30]} 21. Rc1 {[%clk 0:02:13]}  Rxc1+ {[%clk 0:02:30]} 22. Bxc1 {[%clk 0:02:13]}  Ba6 {[%clk 0:02:24]} 23. Bd2 {[%clk 0:02:10]}  Ke6 {[%clk 0:02:11]} 24. Bh3+ {[%clk 0:02:09]}  Kd6 {[%clk 0:02:11]} 25. Bg2 {[%clk 0:02:01]}  Bc4 {[%clk 0:02:04]} 26. h4 {[%clk 0:02:01]}  b5 {[%clk 0:02:00]} 27. h5 {[%clk 0:01:52]}  Nb6 {[%clk 0:02:01]} 28. Nh4 {[%clk 0:01:41]}  Bf7 {[%clk 0:01:57]} 29. g4 {[%clk 0:01:41]}  Nc4 {[%clk 0:01:57]} 30. Bc1 {[%clk 0:01:41]}  Bd5 {[%clk 0:01:56]} 31. e4 {[%clk 0:01:39]}  Be6 {[%clk 0:01:56]} 32. Bf3 {[%clk 0:01:38]}  Nc6 {[%clk 0:01:53]} 33. Bd1 {[%clk 0:01:35]}  Nd4 {[%clk 0:01:53]} 34. f3 {[%clk 0:01:33]}  Bf7 {[%clk 0:01:33]} 35. Kf2 {[%clk 0:01:32]}  g5 {[%clk 0:01:33]} 36. Ng2 {[%clk 0:01:17]}  Ne6 {[%clk 0:01:23]} 37. Ne3 {[%clk 0:01:13]}  Nf4 {[%clk 0:01:19]} 38. Bc2 {[%clk 0:01:12]}  Nxe3 {[%clk 0:01:12]} 39. Bxe3 {[%clk 0:01:11]}  a6 {[%clk 0:01:13]} 40. Bc5+ {[%clk 0:01:11]}  Kd7 {[%clk 0:01:09]} 41. Ke3 {[%clk 0:00:51]}  Bc4 {[%clk 0:01:09]} 42. Bd1 {[%clk 0:00:51]}  Ke6 {[%clk 0:01:09]} 43. Bb6 {[%clk 0:00:48]}  Ng2+ {[%clk 0:01:02]} 44. Kd2 {[%clk 0:00:45]}  Nf4 {[%clk 0:00:55]} 45. Be3 {[%clk 0:00:43]}  Kd7 {[%clk 0:00:54]} 46. Bc5 {[%clk 0:00:42]}  Ne6 {[%clk 0:00:54]} 47. Be3 {[%clk 0:00:40]}  Kc6 {[%clk 0:00:55]} 48. Kc3 {[%clk 0:00:40]}  Kd6 {[%clk 0:00:55]} 49. Ba7 {[%clk 0:00:39]}  Kc6 {[%clk 0:00:53]} 50. a4 {[%clk 0:00:39]}  Kd6 {[%clk 0:00:43]} 51. a5 {[%clk 0:00:38]}  Nd8 {[%clk 0:00:39]} 52. Bc5+ {[%clk 0:00:38]}  Ke6 {[%clk 0:00:39]} 53. Kd2 {[%clk 0:00:35]}  Nc6 {[%clk 0:00:39]} 54. Ke3 {[%clk 0:00:35]}  Kd7 {[%clk 0:00:36]} 55. Bc2 {[%clk 0:00:34]}  Nd8 {[%clk 0:00:36]} 56. Bd1 {[%clk 0:00:31]}  Ne6 {[%clk 0:00:36]} 57. Bb6 {[%clk 0:00:32]}  Kc6 {[%clk 0:00:36]} 58. Ba7 {[%clk 0:00:32]}  Kd7 {[%clk 0:00:34]} 59. Bb6 {[%clk 0:00:32]}  Nf4 {[%clk 0:00:32]} 60. Kd2 {[%clk 0:00:27]}  Nd3 {[%clk 0:00:29]} 61. Kc3 {[%clk 0:00:27]}  Ne1 {[%clk 0:00:29]} 62. Kd2 {[%clk 0:00:24]}  Ng2 {[%clk 0:00:27]} 63. Bc5 {[%clk 0:00:22]}  Nh4 {[%clk 0:00:25]} 64. Ke3 {[%clk 0:00:21]}  Ng2+ {[%clk 0:00:21]} 65. Kd2 {[%clk 0:00:21]}  Nf4 {[%clk 0:00:22]} 66. Bb6 {[%clk 0:00:16]}  Ke7 {[%clk 0:00:19]} 67. Kc3 {[%clk 0:00:13]}  Ke8 {[%clk 0:00:18]} 68. Kd2 {[%clk 0:00:13]}  Kf7 {[%clk 0:00:18]} 69. Kc3 {[%clk 0:00:13]}  Nd3 {[%clk 0:00:18]} 70. Ba7 {[%clk 0:00:11]}  Nf4 {[%clk 0:00:11]} 71. Kd2 {[%clk 0:00:10]}  Ke6 {[%clk 0:00:10]} 72. Kc3 {[%clk 0:00:07]}  Kd7 {[%clk 0:00:10]} 73. Kd2 {[%clk 0:00:05]}  Kc6 {[%clk 0:00:07]} 74. Bc5 {[%clk 0:00:04]}  Kd7 {[%clk 0:00:05]} 75. Bb6 {[%clk 0:00:05]} 1/2-1/2

[Event "April 9 Early 2024"]
[Site "Chess.com"]
[Date "2024.04.09"]
[Round "8"]
[White "Gokhale Rishabh Chandrashekhar"]
[Black "John Veny Akkarakaran"]
[Result "1-0"]
[Board "76"]
[WhiteFideId "35007416"]
[BlackFideId "46665773"]
[BlackTitle "FM"]
[WhiteElo "2578"]
[BlackElo "2766"]
[WhiteTeam "IND"]
[BlackTeam "IND"]
[WhiteClock "0:00:03"]
[BlackClock "0:00:00"]
[Variant "Standard"]

1. Nc3 {[%clk 0:02:56]}  d5 {[%clk 0:02:56]} 2. e4 {[%clk 0:02:56]}  e6 {[%clk 0:02:56]} 3. Nf3 {[%clk 0:02:51]}  Nf6 {[%clk 0:02:56]} 4. e5 {[%clk 0:02:51]}  Nfd7 {[%clk 0:02:57]} 5. d4 {[%clk 0:02:52]}  c5 {[%clk 0:02:57]} 6. dxc5 {[%clk 0:02:52]}  Nc6 {[%clk 0:02:57]} 7. Bf4 {[%clk 0:02:52]}  Bxc5 {[%clk 0:02:57]} 8. Bd3 {[%clk 0:02:52]}  f6 {[%clk 0:02:55]} 9. exf6 {[%clk 0:02:51]}  Nxf6 {[%clk 0:02:55]} 10. O-O {[%clk 0:02:50]}  O-O {[%clk 0:02:55]} 11. Qe2 {[%clk 0:02:43]}  g6 {[%clk 0:02:52]} 12. Bh6 {[%clk 0:02:36]}  Re8 {[%clk 0:02:52]} 13. Rad1 {[%clk 0:02:33]}  Bd7 {[%clk 0:02:49]} 14. Bg5 {[%clk 0:02:15]}  Qe7 {[%clk 0:02:44]} 15. Na4 {[%clk 0:01:54]}  Bd6 {[%clk 0:02:41]} 16. c4 {[%clk 0:01:52]}  Qf7 {[%clk 0:02:16]} 17. Nc3 {[%clk 0:01:43]}  Nh5 {[%clk 0:02:11]} 18. cxd5 {[%clk 0:01:37]}  exd5 {[%clk 0:02:10]} 19. Qd2 {[%clk 0:01:37]}  Nf4 {[%clk 0:01:51]} 20. Bb1 {[%clk 0:01:15]}  Be6 {[%clk 0:01:37]} 21. Nb5 {[%clk 0:01:04]}  Bb8 {[%clk 0:01:28]} 22. Nbd4 {[%clk 0:00:59]}  Bd7 {[%clk 0:01:17]} 23. Rfe1 {[%clk 0:00:55]}  a6 {[%clk 0:00:59]} 24. Rxe8+ {[%clk 0:00:51]}  Bxe8 {[%clk 0:00:59]} 25. Re1 {[%clk 0:00:49]}  Bd7 {[%clk 0:00:58]} 26. Nxc6 {[%clk 0:00:42]}  bxc6 {[%clk 0:00:51]} 27. Re7 {[%clk 0:00:39]}  Nh3+ {[%clk 0:00:38]} 28. gxh3 {[%clk 0:00:17]}  Qxf3 {[%clk 0:00:37]} 29. Rxd7 {[%clk 0:00:17]}  Be5 {[%clk 0:00:36]} 30. Qd3 {[%clk 0:00:11]}  Bxh2+ {[%clk 0:00:30]} 31. Kxh2 {[%clk 0:00:07]}  Qxf2+ {[%clk 0:00:31]} 32. Kh1 {[%clk 0:00:08]}  Re8 {[%clk 0:00:22]} 33. Rd8 {[%clk 0:00:07]}  Rxd8 {[%clk 0:00:11]} 34. Bxd8 {[%clk 0:00:08]}  Qxb2 {[%clk 0:00:11]} 35. Bg5 {[%clk 0:00:05]}  Qe5 {[%clk 0:00:11]} 36. Qe3 {[%clk 0:00:05]}  Qa1 {[%clk 0:00:06]} 37. Qe8+ {[%clk 0:00:04]}  Kg7 {[%clk 0:00:07]} 38. Qe7+ {[%clk 0:00:04]}  Kg8 {[%clk 0:00:07]} 39. Qe1 {[%clk 0:00:05]}  Qd4 {[%clk 0:00:05]} 40. Qe2 {[%clk 0:00:04]}  Qa1 {[%clk 0:00:05]} 41. Qc2 {[%clk 0:00:03]}  Kg7 {[%clk 0:00:02]} 42. Kg2 {[%clk 0:00:03]}  Kg8 {[%clk 0:00:02]} 43. Bh6 {[%clk 0:00:03]}  c5 {[%clk 0:00:00]} 44. Qe2 {[%clk 0:00:03]} 1-0

[Event "April 9 Early 2024"]
[Site "Chess.com"]
[Date "2024.04.09"]
[Round "8"]
[White "Kosteniuk, Alexandra"]
[Black "Al-Tarboush, Ward"]
[Result "1-0"]
[Board "77"]
[WhiteFideId "4128125"]
[BlackFideId "7601450"]
[WhiteTitle "GM"]
[BlackTitle "FM"]
[WhiteElo "2748"]
[BlackElo "2576"]
[WhiteTeam "SUI"]
[BlackTeam "NOR"]
[WhiteClock "0:00:14"]
[BlackClock "0:00:00"]
[Variant "Standard"]

1. e4 {[%clk 0:03:00]}  e6 {[%clk 0:02:59]} 2. d4 {[%clk 0:03:00]}  d5 {[%clk 0:02:59]} 3. exd5 {[%clk 0:03:01]}  exd5 {[%clk 0:02:59]} 4. Nf3 {[%clk 0:03:02]}  Bg4 {[%clk 0:02:59]} 5. h3 {[%clk 0:03:01]}  Bh5 {[%clk 0:02:58]} 6. Bb5+ {[%clk 0:02:59]}  c6 {[%clk 0:02:57]} 7. Bd3 {[%clk 0:02:59]}  Bd6 {[%clk 0:02:57]} 8. O-O {[%clk 0:02:59]}  Ne7 {[%clk 0:02:55]} 9. Nbd2 {[%clk 0:02:52]}  Nd7 {[%clk 0:02:54]} 10. c4 {[%clk 0:02:52]}  dxc4 {[%clk 0:02:52]} 11. Nxc4 {[%clk 0:02:52]}  Bc7 {[%clk 0:02:52]} 12. Bg5 {[%clk 0:02:51]}  O-O {[%clk 0:02:50]} 13. Re1 {[%clk 0:02:50]}  f6 {[%clk 0:02:49]} 14. Bd2 {[%clk 0:02:46]}  Nd5 {[%clk 0:02:47]} 15. Be4 {[%clk 0:02:40]}  Bf7 {[%clk 0:02:40]} 16. Qc2 {[%clk 0:02:37]}  g6 {[%clk 0:02:39]} 17. h4 {[%clk 0:02:21]}  f5 {[%clk 0:02:27]} 18. Bg5 {[%clk 0:02:21]}  Qb8 {[%clk 0:02:24]} 19. Bxd5 {[%clk 0:02:17]}  Bxd5 {[%clk 0:02:23]} 20. Re7 {[%clk 0:02:14]}  Nf6 {[%clk 0:02:10]} 21. Nce5 {[%clk 0:02:11]}  Bd6 {[%clk 0:01:18]} 22. Bxf6 {[%clk 0:02:08]}  Rxf6 {[%clk 0:01:19]} 23. Nd7 {[%clk 0:02:07]}  Bxe7 {[%clk 0:01:18]} 24. Nxb8 {[%clk 0:02:06]}  Rxb8 {[%clk 0:01:18]} 25. Ne5 {[%clk 0:02:02]}  Rd8 {[%clk 0:01:11]} 26. Re1 {[%clk 0:01:55]}  Bd6 {[%clk 0:01:09]} 27. h5 {[%clk 0:01:53]}  Kg7 {[%clk 0:01:06]} 28. Qd2 {[%clk 0:01:51]}  f4 {[%clk 0:01:05]} 29. h6+ {[%clk 0:01:50]}  Kg8 {[%clk 0:01:02]} 30. f3 {[%clk 0:01:42]}  Rf5 {[%clk 0:00:59]} 31. a3 {[%clk 0:01:37]}  Bf8 {[%clk 0:00:52]} 32. Ng4 {[%clk 0:01:36]}  Bf7 {[%clk 0:00:49]} 33. Re4 {[%clk 0:01:34]}  Bd6 {[%clk 0:00:30]} 34. Qe1 {[%clk 0:01:25]}  c5 {[%clk 0:00:22]} 35. Qh4 {[%clk 0:01:20]}  g5 {[%clk 0:00:19]} 36. Nf6+ {[%clk 0:01:12]}  Kh8 {[%clk 0:00:18]} 37. Qg4 {[%clk 0:01:13]}  Bg6 {[%clk 0:00:15]} 38. Nd7 {[%clk 0:00:53]}  cxd4 {[%clk 0:00:04]} 39. Re6 {[%clk 0:00:49]}  Bc7 {[%clk 0:00:04]} 40. Nc5 {[%clk 0:00:23]}  d3 {[%clk 0:00:04]} 41. Nxd3 {[%clk 0:00:21]}  Rfd5 {[%clk 0:00:04]} 42. Nb4 {[%clk 0:00:13]}  Rd1+ {[%clk 0:00:02]} 43. Kh2 {[%clk 0:00:14]}  Bb6 {[%clk 0:00:02]} 44. Qxg5 {[%clk 0:00:14]}  Bg1+ {[%clk 0:00:02]} 45. Kh3 {[%clk 0:00:14]}  Bd4 {[%clk 0:00:00]} 46. Qxd8+ {[%clk 0:00:14]} 1-0

[Event "April 9 Early 2024"]
[Site "Chess.com"]
[Date "2024.04.09"]
[Round "8"]
[White "Glidzhain, Gor"]
[Black "Ilinca, Felix-Antonio"]
[Result "0-1"]
[Board "78"]
[WhiteFideId "24109932"]
[BlackFideId "54764998"]
[WhiteTitle "FM"]
[BlackTitle "FM"]
[WhiteElo "2572"]
[BlackElo "2732"]
[WhiteTeam "RUS"]
[BlackTeam "ROU"]
[WhiteClock "0:00:00"]
[BlackClock "0:00:19"]
[Variant "Standard"]

1. e4 {[%clk 0:03:00]}  c6 {[%clk 0:03:00]} 2. d4 {[%clk 0:03:00]}  d5 {[%clk 0:03:01]} 3. Nc3 {[%clk 0:03:00]}  dxe4 {[%clk 0:03:02]} 4. Nxe4 {[%clk 0:03:01]}  Nf6 {[%clk 0:03:02]} 5. Ng5 {[%clk 0:02:59]}  h6 {[%clk 0:02:58]} 6. Nxf7 {[%clk 0:02:59]}  Kxf7 {[%clk 0:02:59]} 7. Nf3 {[%clk 0:02:59]}  e6 {[%clk 0:02:54]} 8. Ne5+ {[%clk 0:02:58]}  Kg8 {[%clk 0:02:54]} 9. Bd3 {[%clk 0:02:58]}  Bd6 {[%clk 0:02:54]} 10. O-O {[%clk 0:02:55]}  Nbd7 {[%clk 0:02:54]} 11. Ng6 {[%clk 0:02:49]}  Nf8 {[%clk 0:02:55]} 12. Nxh8 {[%clk 0:02:49]}  Kxh8 {[%clk 0:02:55]} 13. Qf3 {[%clk 0:02:49]}  e5 {[%clk 0:02:53]} 14. dxe5 {[%clk 0:02:46]}  Bxe5 {[%clk 0:02:53]} 15. Re1 {[%clk 0:02:45]}  Qc7 {[%clk 0:02:50]} 16. h3 {[%clk 0:02:42]}  Be6 {[%clk 0:02:44]} 17. c4 {[%clk 0:02:04]}  Re8 {[%clk 0:02:43]} 18. Be3 {[%clk 0:01:55]}  Bxb2 {[%clk 0:02:37]} 19. Rab1 {[%clk 0:01:54]}  Be5 {[%clk 0:02:36]} 20. Bxa7 {[%clk 0:01:53]}  Bd6 {[%clk 0:02:08]} 21. Bd4 {[%clk 0:01:48]}  N8d7 {[%clk 0:02:02]} 22. Bg6 {[%clk 0:00:31]}  Re7 {[%clk 0:02:00]} 23. Qc3 {[%clk 0:00:29]}  c5 {[%clk 0:01:55]} 24. Be3 {[%clk 0:00:26]}  b6 {[%clk 0:01:49]} 25. Rbd1 {[%clk 0:00:25]}  Be5 {[%clk 0:01:34]} 26. Qd2 {[%clk 0:00:24]}  Bxc4 {[%clk 0:01:27]} 27. Bxh6 {[%clk 0:00:22]}  gxh6 {[%clk 0:01:27]} 28. Qxh6+ {[%clk 0:00:23]}  Kg8 {[%clk 0:01:28]} 29. Bf5 {[%clk 0:00:20]}  Nf8 {[%clk 0:01:02]} 30. Qh4 {[%clk 0:00:17]}  Bd4 {[%clk 0:00:58]} 31. Rxe7 {[%clk 0:00:14]}  Qxe7 {[%clk 0:00:57]} 32. Rxd4 {[%clk 0:00:14]}  cxd4 {[%clk 0:00:56]} 33. Qxd4 {[%clk 0:00:15]}  b5 {[%clk 0:00:53]} 34. g3 {[%clk 0:00:15]}  Qe1+ {[%clk 0:00:50]} 35. Kh2 {[%clk 0:00:14]}  Qe7 {[%clk 0:00:48]} 36. h4 {[%clk 0:00:13]}  Ne6 {[%clk 0:00:46]} 37. Qe5 {[%clk 0:00:13]}  Kf8 {[%clk 0:00:43]} 38. g4 {[%clk 0:00:13]}  Ng7 {[%clk 0:00:41]} 39. Qxe7+ {[%clk 0:00:12]}  Kxe7 {[%clk 0:00:41]} 40. Bc8 {[%clk 0:00:12]}  Bxa2 {[%clk 0:00:41]} 41. g5 {[%clk 0:00:11]}  Nfh5 {[%clk 0:00:41]} 42. Kg2 {[%clk 0:00:10]}  b4 {[%clk 0:00:41]} 43. Ba6 {[%clk 0:00:09]}  b3 {[%clk 0:00:38]} 44. Bc4 {[%clk 0:00:10]}  Kd6 {[%clk 0:00:34]} 45. Kf3 {[%clk 0:00:10]}  Ke5 {[%clk 0:00:31]} 46. Kg4 {[%clk 0:00:08]}  Nf4 {[%clk 0:00:30]} 47. f3 {[%clk 0:00:02]}  Ngh5 {[%clk 0:00:30]} 48. g6 {[%clk 0:00:00]}  Kf6 {[%clk 0:00:19]} 0-1